Movies Quiz

Random Movies or Actor Quiz

Surname Biopic Actors Quiz Stats

 Plays Quiz Updated Jan 31, 2020

     
Support Sporcle.
Go Orange.
Score 0/20 Timer 05:00
0 Plays Today
Biopic Title Actor % Correct
AliWill Smith
91.1%
MilkSean Penn
88.6%
GandhiBen Kingsley
76.5%
CapotePhilip Seymour Hoffman
73.4%
SerpicoAl Pacino
66.2%
ChaplinRobert Downey Jr.
64.2%
PattonGeorge C. Scott
57%
NixonAnthony Hopkins
44.6%
KinseyLiam Neeson
42.1%
PollockEd Harris
40.1%
Biopic Title Actor % Correct
HoffaJack Nicholson
39%
SilkwoodMeryl Streep
38.5%
CobbTommy Lee Jones
31%
PrefontaineJared Leto
15.1%
WildeStephen Fry
14.6%
MacArthurGregory Peck
14.5%
BecketRichard Burton
13.6%
BasquiatJeffrey Wright
5.6%
CarringtonEmma Thompson
4.8%
DisraeliGeorge Arliss
3.7%

From the Vault

Big 4 Sport Team Locations by First Letter

by gwukelic

Sports 3m
The NBA has yet to add that new Zanzibar expansion franchise.
Remove Ads.
Support Sporcle.
Get the best of Sporcle when you Go Orange. This ad-free experience offers more features, more stats, and more fun while also helping to support Sporcle. Thank you for becoming a member.

Show Comments

Extras

Top Quizzes Today


Score Distribution

Your Account Isn't Verified!

In order to create a playlist on Sporcle, you need to verify the email address you used during registration. Go to your Sporcle Settings to finish the process.

Report this User

Report this user for behavior that violates our Community Guidelines.

Details: